[Event "SpeedChess Final 2025"]
[Site "London ENG"]
[Date "2026.02.08"]
[Round "2.21"]
[White "Carlsen, Magnus"]
[Black "Firouzja, Alireza"]
[Result "0-1"]
[WhiteTitle "GM"]
[BlackTitle "GM"]
[WhiteElo "2840"]
[BlackElo "2759"]
[WhiteFideId "1503014"]
[BlackFideId "12573981"]
[EventDate "2026.02.07"]
[EventType "k.o."]

1. e4 c6 2. Nf3 d5 3. d3 Bg4 4. h3 Bh5 5. Be2 e6 6. O-O Nd7 7. Bf4 Ngf6 8. Nbd2
h6 9. Ne5 Nxe5 10. Bxh5 Bd6 11. d4 Nxh5 12. Qxh5 Ng6 13. Bxd6 Qxd6 14. c3 Qf4
15. Qe2 Qg5 16. Rad1 O-O 17. Qg4 Qxg4 18. hxg4 a5 19. a4 Rfb8 20. Ra1 e5 21.
dxe5 Nxe5 22. exd5 cxd5 23. f3 b5 24. axb5 Rxb5 25. Ra2 Nd3 26. b3 Rc8 27. c4
dxc4 28. bxc4 Re5 29. Rfa1 Re2 30. Nb3 Rxa2 31. Rxa2 Rxc4 32. Nxa5 Rc1+ 33. Kh2
Rc3 34. Rd2 Nf4 35. Rd4 g5 36. Rd2 h5 37. gxh5 Nxh5 38. Nb7 Nf4 39. Nd6 Ne6 40.
Ne4 Rc8 41. Rd5 Rc2 42. Re5 g4 43. Nf6+ Kg7 44. Nxg4 Nf4 45. Ne3 Ra2 46. Re4 Nd3
47. Nf5+ Kf6 48. Ne3 Ne5 49. Kg3 Ng6 50. Nd5+ Kg7 51. Ne3 Kf6 52. Rd4 Kg7 53.
Rd6 Ra5 54. f4 Ra3 55. Kf3 Nh4+ 56. Kg4 Rxe3 57. Kxh4 Ra3 58. g4 Ra1 59. Kg5
Ra5+ 60. f5 Rb5 61. Rc6 Ra5 62. Rb6 Rc5 63. Rb7 Ra5 64. Rc7 Rb5 65. Rc4 Ra5 66.
Kf4 Rb5 67. Ra4 Rc5 68. g5 Rb5 69. Kg4 Rb7 70. Kh5 Rb1 71. Ra7 Rh1+ 72. Kg4 Rg1+
73. Kf4 Rf1+ 74. Ke5 Re1+ 75. Kd6 Rd1+ 76. Ke7 Rd5 77. g6 Rxf5 78. Kd6 Kxg6 79.
Ra1 f6 80. Rf1 Rxf1 0-1

[Event "SpeedChess Final 2025"]
[Site "London ENG"]
[Date "2026.02.08"]
[Round "2.21"]
[White "Nakamura, Hikaru"]
[Black "Lazavik, Denis"]
[Result "1/2-1/2"]
[WhiteTitle "GM"]
[BlackTitle "GM"]
[WhiteElo "2810"]
[BlackElo "2605"]
[WhiteFideId "2016192"]
[BlackFideId "13515110"]
[EventDate "2026.02.07"]
[EventType "k.o."]

1. d4 Nf6 2. Nf3 d5 3. e3 e6 4. c4 Be7 5. Nc3 O-O 6. Bd3 dxc4 7. Bxc4 c5 8. Qe2
a6 9. dxc5 Bxc5 10. e4 Nc6 11. Bd3 e5 12. h3 h6 13. O-O Nh5 14. Rd1 Nf6 15. Bxa6
Nd4 16. Nxd4 exd4 17. Bc4 Be6 18. e5 Nd7 19. Bxe6 fxe6 20. Ne4 Bb6 21. Qg4 Nxe5
22. Qxe6+ Nf7 23. Bf4 Re8 24. Qf5 Ra5 25. Qg6 Rf8 26. Bg3 Nh8 27. Qe6+ Kh7 28.
Qb3 Ng6 29. Rac1 Raf5 30. Qd3 Qd5 31. Re1 Kh8 32. a4 Nf4 33. Bxf4 Rxf4 34. b4
Bd8 35. f3 Bh4 36. Re2 R4f5 37. Rd1 Rd8 38. Rc2 Qe5 39. Rc5 Qf4 40. Rc4 Rfd5 41.
a5 Be7 42. g3 Qe5 43. Kg2 Qf5 44. Re1 Qf7 45. Re2 Rb5 46. Rxd4 Rxd4 47. Qxb5
Rxb4 48. Qd7 Kg8 49. Rc2 Bf8 50. Qc8 Rb3 51. Rf2 Ra3 52. Nd6 Qd5 53. Nxb7 Kf7
54. a6 Be7 55. Qa8 Qb5 56. a7 Qb6 57. Qc8 Rxa7 58. Qf5+ Kg8 59. Qc8+ Kf7 60.
Qc4+ Kf8 61. Qc8+ Kf7 1/2-1/2

[Event "SpeedChess Final 2025"]
[Site "London ENG"]
[Date "2026.02.08"]
[Round "2.22"]
[White "Firouzja, Alireza"]
[Black "Carlsen, Magnus"]
[Result "0-1"]
[WhiteTitle "GM"]
[BlackTitle "GM"]
[WhiteElo "2759"]
[BlackElo "2840"]
[WhiteFideId "12573981"]
[BlackFideId "1503014"]
[EventDate "2026.02.07"]
[EventType "k.o."]

1. d4 Nf6 2. c4 e6 3. Nf3 Bb4+ 4. Nbd2 b6 5. a3 Bxd2+ 6. Nxd2 Bb7 7. f3 Nh5 8.
g3 f5 9. Bg2 Nc6 10. Nb1 f4 11. e4 O-O 12. Nc3 e5 13. d5 Nd4 14. g4 Qh4+ 15. Kf1
Nf6 16. Ne2 Nxe4 17. fxe4 f3 18. Ng3 fxg2+ 19. Kxg2 Rf3 20. Rf1 Raf8 21. Rxf3
Rxf3 22. b4 Qxg4 23. Bb2 Rxg3+ 24. hxg3 Qxe4+ 25. Kf2 Qf5+ 26. Kg2 Qe4+ 27. Kf2
Qf5+ 28. Kg1 Nf3+ 29. Kg2 Ng5 30. Qe2 Qh3+ 31. Kf2 Qh2+ 32. Ke3 Qxg3+ 33. Kd2 d6
34. Rf1 Bc8 35. Kc2 Bg4 36. Qd2 Ne4 37. Qe1 Qxe1 38. Rxe1 Bf5 39. Kb3 Kf7 40.
Ka4 Nd2 41. Kb5 Bd3 42. Kc6 Nxc4 43. Bc1 e4 44. Kxc7 h6 45. Kb7 Ke7 46. Kxa7 b5
47. Ka6 Ne5 48. Bb2 Nf3 49. Rc1 g5 50. Bd4 Nxd4 0-1

[Event "SpeedChess Final 2025"]
[Site "London ENG"]
[Date "2026.02.08"]
[Round "2.22"]
[White "Lazavik, Denis"]
[Black "Nakamura, Hikaru"]
[Result "1/2-1/2"]
[WhiteTitle "GM"]
[BlackTitle "GM"]
[WhiteElo "2605"]
[BlackElo "2810"]
[WhiteFideId "13515110"]
[BlackFideId "2016192"]
[EventDate "2026.02.07"]
[EventType "k.o."]

1. c4 e5 2. Nc3 Nc6 3. Nf3 Nf6 4. g3 d5 5. cxd5 Nxd5 6. Bg2 Nde7 7. O-O g6 8. b4
Bg7 9. b5 Nd4 10. Rb1 O-O 11. a4 h6 12. d3 Kh7 13. Ba3 Re8 14. e3 Nxf3+ 15. Bxf3
Rb8 16. Qc2 Be6 17. Rfd1 c6 18. Ne4 cxb5 19. axb5 Nf5 20. Nc5 Bc8 21. Qe2 b6 22.
Ne4 Bb7 23. Nd2 Bxf3 24. Nxf3 Qd7 25. e4 Nd6 26. Bxd6 Qxd6 27. Ra1 Rb7 28. Rdc1
Rd7 29. Rc3 Qb4 30. Rca3 Ree7 31. Qc2 Qxb5 32. Rb1 Qc5 33. Qxc5 bxc5 34. Nd2 Rb7
35. Rba1 f5 36. Nc4 fxe4 37. dxe4 Rb4 38. Ne3 Rxe4 39. Rxa7 Rxa7 40. Rxa7 Kg8
41. Ra8+ Bf8 42. Ra7 Rd4 43. Rc7 Bd6 44. Rc8+ Kf7 45. Kf1 h5 46. Ke2 Ra4 47. h4
e4 48. Rc6 Ke6 49. Rc8 Kf7 50. Rc6 Ke6 51. Rc8 Ra6 52. Rg8 Kf7 53. Rc8 Ra2+ 54.
Kf1 Ra1+ 55. Ke2 Bf8 56. Nc4 Ra2+ 57. Ke3 Bh6+ 58. Kxe4 Rxf2 59. Ne5+ Ke7 60.
Rc7+ Ke8 61. Rxc5 g5 62. Nd3 Re2+ 63. Kf3 Rd2 64. hxg5 Rxd3+ 65. Ke4 Rxg3 66.
gxh6 Kf7 67. Rxh5 Kg8 68. Kf4 Ra3 69. h7+ Kh8 70. Kg4 Ra7 71. Kg5 Rxh7 72. Rxh7+
Kxh7 1/2-1/2

[Event "SpeedChess Final 2025"]
[Site "London ENG"]
[Date "2026.02.08"]
[Round "2.23"]
[White "Carlsen, Magnus"]
[Black "Firouzja, Alireza"]
[Result "0-1"]
[WhiteTitle "GM"]
[BlackTitle "GM"]
[WhiteElo "2840"]
[BlackElo "2759"]
[WhiteFideId "1503014"]
[BlackFideId "12573981"]
[EventDate "2026.02.07"]
[EventType "k.o."]

1. e4 c6 2. d4 d5 3. exd5 cxd5 4. Bd3 Nf6 5. c3 Bg4 6. Ne2 Nc6 7. h3 Bh5 8. Qb3
Bxe2 9. Bxe2 Qd7 10. Bf4 e6 11. Nd2 Bd6 12. Bxd6 Qxd6 13. Qxb7 Rb8 14. Qa6 Rxb2
15. Bb5 O-O 16. O-O-O Rxb5 17. Qxb5 Nxd4 18. Qb4 Ne2+ 19. Kc2 Qc7 20. Rhe1 Rb8
21. Qxb8+ Qxb8 22. Rxe2 Qf4 23. Nf3 Qa4+ 24. Kc1 Ne4 25. Rb2 g6 26. Rd3 Qc4 27.
Kc2 Nc5 28. Re3 Qa4+ 29. Kc1 Qa6 30. Nd2 Nd3+ 31. Kc2 Nxb2 32. Kxb2 Qb5+ 33. Kc2
Qa4+ 34. Kb2 Kg7 35. Nb3 Qb5 36. Re1 Qd3 37. Rc1 Qe2+ 38. Rc2 Qf1 39. f3 h5 40.
Rd2 Qb5 41. Kc2 a5 42. Nd4 Qc4 43. Kb2 a4 44. Nc2 e5 45. Ne3 Qb5+ 46. Kc2 d4 47.
cxd4 exd4 48. Nd1 Qc4+ 49. Kb1 a3 50. Rc2 Qb4+ 51. Kc1 d3 52. Rc3 Qf4+ 53. Kb1
Qd2 54. Rc1 Qxg2 0-1

[Event "SpeedChess Final 2025"]
[Site "London ENG"]
[Date "2026.02.08"]
[Round "2.23"]
[White "Nakamura, Hikaru"]
[Black "Lazavik, Denis"]
[Result "1-0"]
[WhiteTitle "GM"]
[BlackTitle "GM"]
[WhiteElo "2810"]
[BlackElo "2605"]
[WhiteFideId "2016192"]
[BlackFideId "13515110"]
[EventDate "2026.02.07"]
[EventType "k.o."]

1. e4 e5 2. Nf3 Nc6 3. d4 exd4 4. Nxd4 Nf6 5. Nc3 Bb4 6. Nxc6 bxc6 7. Bd3 O-O 8.
O-O d5 9. exd5 cxd5 10. Bg5 c6 11. Na4 h6 12. Bh4 Bd6 13. c3 Re8 14. Bc2 g5 15.
Bg3 Kg7 16. Qd4 Qe7 17. Bxd6 Qxd6 18. f4 gxf4 19. Rxf4 Qe5 20. Qf2 Ng4 21. Rxf7+
Kg8 22. Qf4 Qe3+ 23. Qxe3 Nxe3 24. Rf2 Nxc2 25. Rxc2 Bf5 26. Rf2 Bg6 27. Rf6 Kg7
28. Rxc6 Re2 29. Nc5 Rxb2 30. Rf1 Re8 31. Ne6+ Kh8 32. Nf4 Be4 33. Rxh6+ Kg7 34.
Ra6 Re7 35. h3 Rf7 36. Ne6+ Kg8 37. Nf4 Rxg2+ 38. Nxg2 Rxf1+ 39. Kxf1 Bd3+ 40.
Kf2 Bxa6 41. Nf4 Bc4 42. a3 Kf7 43. Ke3 Ke7 44. Kd4 Kd6 45. h4 Bb3 46. h5 Kc6
47. h6 Bc2 48. Nxd5 Kb5 49. c4+ Kc6 50. Nb4+ 1-0

[Event "SpeedChess Final 2025"]
[Site "London ENG"]
[Date "2026.02.08"]
[Round "2.24"]
[White "Firouzja, Alireza"]
[Black "Carlsen, Magnus"]
[Result "0-1"]
[WhiteTitle "GM"]
[BlackTitle "GM"]
[WhiteElo "2759"]
[BlackElo "2840"]
[WhiteFideId "12573981"]
[BlackFideId "1503014"]
[EventDate "2026.02.07"]
[EventType "k.o."]

1. d4 Nf6 2. c4 e6 3. Nf3 Bb4+ 4. Nbd2 b6 5. a3 Bxd2+ 6. Nxd2 Bb7 7. f3 Nh5 8.
g3 f5 9. Bg2 O-O 10. O-O Nc6 11. Nb1 d6 12. Nc3 e5 13. dxe5 Nxe5 14. b3 a5 15.
Qd4 Qf6 16. Rd1 Rae8 17. Bb2 Qh6 18. Qd2 f4 19. g4 Nf6 20. h3 Ng6 21. Bc1 Rf7
22. Nb5 Rfe7 23. Nd4 Qg5 24. Ra2 Bc8 25. Qe1 h5 26. Qf2 Bd7 27. a4 d5 28. cxd5
Nxd5 29. Nf5 Nc3 30. Nxe7+ Rxe7 31. Rad2 Nxd1 32. Rxd1 Be6 33. Rd3 Bf7 34. e4
Ne5 35. Rd8+ Kh7 36. h4 Qg6 37. Bxf4 hxg4 38. Bxe5 Rxe5 39. f4 Rc5 40. e5 g3 41.
Qe3 Be6 42. Be4 Bf5 43. Bf3 g2 44. Rd1 Qg3 45. Qf2 Qxf4 46. Bxg2 Qxf2+ 47. Kxf2
Rxe5 48. Rc1 Rc5 49. Rxc5 bxc5 50. Bd5 Kg6 51. Kg3 Kf6 52. Kf4 Bc2 53. Bc4 Bf5
54. Bd5 c6 55. Bc4 Bh3 56. Ke4 Bg2+ 57. Kf4 Bd5 58. Kg4 Be4 59. Kf4 Bd5 60. Kg4
Ke5 61. Kg5 Kd4 62. Kg6 Bxc4 63. bxc4 Kxc4 64. Kxg7 Kb3 65. h5 c4 66. h6 c3 67.
h7 c2 68. h8=Q c1=Q 69. Qb8+ Kxa4 70. Qf4+ Qxf4 0-1

[Event "SpeedChess Final 2025"]
[Site "London ENG"]
[Date "2026.02.08"]
[Round "2.24"]
[White "Lazavik, Denis"]
[Black "Nakamura, Hikaru"]
[Result "1/2-1/2"]
[WhiteTitle "GM"]
[BlackTitle "GM"]
[WhiteElo "2605"]
[BlackElo "2810"]
[WhiteFideId "13515110"]
[BlackFideId "2016192"]
[EventDate "2026.02.07"]
[EventType "k.o."]

1. c4 g6 2. Nc3 Bg7 3. d4 d6 4. e4 Nf6 5. Be2 O-O 6. Nf3 Nbd7 7. O-O e5 8. Be3
Re8 9. Qc2 Ng4 10. Bg5 f6 11. Bc1 Nh6 12. Rd1 Nf7 13. Rb1 c6 14. b4 Qe7 15. b5
Nf8 16. a4 Bg4 17. bxc6 bxc6 18. d5 c5 19. h3 Bd7 20. Bd3 Qd8 21. Bd2 Qc8 22.
Rb2 f5 23. Rdb1 f4 24. Be2 h5 25. Nh2 Nh7 26. Qd1 Bf6 27. a5 Bd8 28. Ra1 Qa6 29.
Nb5 Nf6 30. Qc2 Kg7 31. Nc3 g5 32. Qd1 Rh8 33. f3 Qc8 34. a6 g4 35. fxg4 hxg4
36. Nxg4 Nxg4 37. Bxg4 Bxg4 38. Qxg4+ Qxg4 39. hxg4 Kg6 40. Rb7 Bh4 41. Ne2 Ng5
42. Nc3 Bg3 43. Rd7 Nf7 44. Ne2 Rh4 45. Nxg3 fxg3 46. Ra3 Rb8 47. Rxg3 Rb1+ 48.
Kf2 Rb2 49. Ke2 Ra2 50. Rf3 Ng5 51. Rxd6+ Kg7 52. Rd7+ Kg6 53. Rd6+ Kg7 54. Rd7+
Kg6 55. Rd6+ 1/2-1/2

[Event "SpeedChess Final 2025"]
[Site "London ENG"]
[Date "2026.02.08"]
[Round "2.25"]
[White "Carlsen, Magnus"]
[Black "Firouzja, Alireza"]
[Result "0-1"]
[WhiteTitle "GM"]
[BlackTitle "GM"]
[WhiteElo "2840"]
[BlackElo "2759"]
[WhiteFideId "1503014"]
[BlackFideId "12573981"]
[EventDate "2026.02.07"]
[EventType "k.o."]

1. e4 c6 2. Nf3 d5 3. Nc3 Bg4 4. h3 Bxf3 5. Qxf3 e6 6. g3 Bc5 7. Bg2 Nd7 8. O-O
Ne7 9. Rd1 d4 10. Ne2 h5 11. Nf4 Ne5 12. Qe2 d3 13. Nxd3 Nxd3 14. Qxd3 Qxd3 15.
cxd3 Bd4 16. Rb1 h4 17. g4 Ng6 18. b4 Nf4 19. Bf1 O-O-O 20. Rb3 Rd7 21. a4 g5
22. b5 cxb5 23. axb5 Kb8 24. Bb2 Rc8 25. Bxd4 Rxd4 26. Ra1 b6 27. Rc3 Rc5 28. f3
e5 29. Rca3 Rc7 30. Rc3 Ne6 31. Kf2 Rc5 32. Rca3 Rd7 33. d4 Nxd4 34. Rc3 Ne6 35.
Ke3 Rdc7 36. Raa3 Nd4 37. Rxc5 Rxc5 38. Rc3 Kc7 39. Bc4 f6 40. Kd3 Kb8 41. Ra3
Nxb5 42. Bxb5 Rxb5 43. Ke3 Rb4 44. Rd3 Kc7 45. Rc3+ Kb7 46. Rd3 Kc6 47. Rc3+ Kb7
48. Rd3 a5 49. Rd6 a4 50. Rd7+ Ka6 51. Rd8 Kb5 52. Ra8 Rb3+ 53. d3 a3 54. Kd2
Kb4 55. d4 exd4 56. Rb8 b5 57. Ra8 Rxf3 58. Ra7 Rxh3 59. Ra8 a2 60. Rxa2 Rh2+
61. Kd3 Rxa2 62. Kxd4 h3 63. e5 fxe5+ 64. Kxe5 h2 65. Kf5 h1=Q 66. Kxg5 Qd5+ 67.
Kf6 Rf2+ 68. Kg6 Qf7+ 69. Kg5 Qf6+ 70. Kh5 Rh2# 0-1

[Event "SpeedChess Final 2025"]
[Site "London ENG"]
[Date "2026.02.08"]
[Round "2.25"]
[White "Nakamura, Hikaru"]
[Black "Lazavik, Denis"]
[Result "1-0"]
[WhiteTitle "GM"]
[BlackTitle "GM"]
[WhiteElo "2810"]
[BlackElo "2605"]
[WhiteFideId "2016192"]
[BlackFideId "13515110"]
[EventDate "2026.02.07"]
[EventType "k.o."]

1. e4 c5 2. Nf3 e6 3. c3 d5 4. exd5 exd5 5. Bb5+ Nc6 6. O-O Bd6 7. d4 Ne7 8. Be3
cxd4 9. Nxd4 O-O 10. Nd2 Nxd4 11. Bxd4 Nf5 12. Nf3 a6 13. Ba4 Be6 14. Bb3 Qc7
15. h3 Rad8 16. Qd3 Nxd4 17. Nxd4 Bc5 18. Rad1 Bc8 19. Qf3 Qb6 20. Rfe1 g6 21.
Re5 Be6 22. h4 Bd6 23. Ree1 Bc5 24. h5 Qc7 25. hxg6 hxg6 26. Bc2 Qe7 27. Qg3
Bxd4 28. Rxd4 Qf6 29. Rf4 Qg7 30. Bxg6 Qxg6 31. Qxg6+ fxg6 32. Rxf8+ Kxf8 33.
Rxe6 Kg7 34. Re7+ Kh6 35. Rxb7 d4 36. cxd4 Rxd4 37. Rb6 Rd1+ 38. Kh2 a5 39. f4
Kg7 40. Kg3 Rd2 41. Kf3 a4 42. a3 Rd3+ 43. Kg4 Rd2 44. g3 Rd5 45. Rb4 Rd2 46.
Kg5 Rd5+ 47. Kh4 Rd2 48. g4 Kh6 49. Rb7 g5+ 50. fxg5+ Kg6 51. Rb6+ Kg7 52. g6
Rd5 53. Rb4 Ra5 54. Rb6 Kh6 55. g5+ Kg7 56. Kh5 Ra7 57. Rf6 Ra8 58. Rf7+ Kg8 59.
Kh6 Rb8 60. Rd7 Rc8 61. Rd6 Rb8 62. g7 Rc8 63. Rf6 1-0

[Event "SpeedChess Final 2025"]
[Site "London ENG"]
[Date "2026.02.08"]
[Round "2.26"]
[White "Firouzja, Alireza"]
[Black "Carlsen, Magnus"]
[Result "0-1"]
[WhiteTitle "GM"]
[BlackTitle "GM"]
[WhiteElo "2759"]
[BlackElo "2840"]
[WhiteFideId "12573981"]
[BlackFideId "1503014"]
[EventDate "2026.02.07"]
[EventType "k.o."]

1. d4 Nf6 2. c4 e6 3. Nf3 d5 4. Nc3 Be7 5. cxd5 exd5 6. Bf4 c6 7. e3 Bf5 8. Nh4
Bg4 9. Qc2 Nh5 10. h3 Be6 11. Nf3 Nxf4 12. exf4 g6 13. Bd3 Qd6 14. g3 Nd7 15.
Kf1 Nf6 16. Kg2 Kf8 17. Rae1 Re8 18. Re3 Bc8 19. Rhe1 Bd8 20. Ne5 Kg7 21. a3 Bb6
22. Ne2 c5 23. Qc3 cxd4 24. Nxd4 Qc5 25. Qxc5 Bxc5 26. Nef3 Rxe3 27. fxe3 Bd7
28. Ne5 Rc8 29. g4 Bd6 30. Kf3 a6 31. Rd1 Ba4 32. Rd2 Nd7 33. Nxd7 Bxd7 34. Bb1
Bc6 35. Ba2 Rd8 36. Rc2 Ba4 37. Rc3 Be8 38. Bxd5 Bxa3 39. Bxf7 Bxb2 40. Ne6+ Kf6
41. Rc2 Rd6 42. Ng5 Bc6+ 43. e4 h6 44. Rxb2 hxg5 45. Bc4 gxf4 46. g5+ Ke5 0-1

[Event "SpeedChess Final 2025"]
[Site "London ENG"]
[Date "2026.02.08"]
[Round "2.26"]
[White "Lazavik, Denis"]
[Black "Nakamura, Hikaru"]
[Result "1/2-1/2"]
[WhiteTitle "GM"]
[BlackTitle "GM"]
[WhiteElo "2605"]
[BlackElo "2810"]
[WhiteFideId "13515110"]
[BlackFideId "2016192"]
[EventDate "2026.02.07"]
[EventType "k.o."]

1. c4 e5 2. Nc3 Nc6 3. g3 Nf6 4. Bg2 g6 5. Nf3 Bg7 6. O-O O-O 7. d3 d6 8. Rb1 a5
9. a3 h6 10. b4 axb4 11. axb4 Ne7 12. b5 Be6 13. Bb2 Qd7 14. Qc2 Bh3 15. Ra1
Rab8 16. Ra7 Bxg2 17. Kxg2 Rfe8 18. e4 Nh7 19. Qb3 Rf8 20. Ba3 Kh8 21. c5 f5 22.
cxd6 cxd6 23. Nd5 Nxd5 24. Qxd5 fxe4 25. dxe4 Qg4 26. Ng1 Nf6 27. Qxd6 Qxe4+ 28.
f3 Qc2+ 29. Rf2 Qxf2+ 30. Kxf2 Ne4+ 31. Kg2 Nxd6 32. Bxd6 Ra8 33. Rxb7 Rfd8 34.
Rb6 Ra2+ 35. Kh3 e4 36. Bc5 Rdd2 37. fxe4 h5 38. Nf3 Rdc2 39. Rb8+ Kh7 40. Ng5+
Kh6 41. Nf7+ Kh7 42. Ng5+ Kh6 43. Nf7+ Kh7 44. Ng5+ 1/2-1/2

[Event "SpeedChess Final 2025"]
[Site "London ENG"]
[Date "2026.02.08"]
[Round "2.27"]
[White "Carlsen, Magnus"]
[Black "Firouzja, Alireza"]
[Result "1/2-1/2"]
[WhiteTitle "GM"]
[BlackTitle "GM"]
[WhiteElo "2840"]
[BlackElo "2759"]
[WhiteFideId "1503014"]
[BlackFideId "12573981"]
[EventDate "2026.02.07"]
[EventType "k.o."]

1. d4 e5 2. dxe5 Nc6 3. Nf3 Qe7 4. Nc3 Nxe5 5. e4 Nxf3+ 6. gxf3 c6 7. Be3 d6 8.
Qd2 Nf6 9. O-O-O g6 10. Kb1 Bg7 11. Qxd6 Qxd6 12. Rxd6 Be6 13. Ne2 Nd7 14. Nf4
Ke7 15. Rd2 Ne5 16. Nxe6 fxe6 17. Be2 Rhd8 18. Rhd1 Rxd2 19. Rxd2 Nf7 20. Bc5+
Ke8 21. f4 Bh6 22. Be3 e5 1/2-1/2